00848nam a22002177a 450000500170000001000150001702000260003203500140005803700090007208200140008110000230009524500970011825000060021526000570022127000890027830000270036770000320039494200280042699900190045495201570047320250625151904.0 aENG-145550 c760.00a9789361597664 aEN-129082 bDBAD a362.1121 aHebda, Toni982348 aHandbook Of Informatics For Nurses & Healthcare Professionals/cToni Hebda [and] Melody Rose a1 aUttar PradeshbPearson India Education Pvt Ltdc2025 bUttar Pradesha1st FLoor, Berger Tower, Plot No. C-001A/2, Sector-16B, Noidae201301 a495p.c25cm(pb)bIndex aRose, MelodyeAuthor982349 2ddccENh362.11mHEBe1 c211950d211950 001040708NFICaZLSbZLSd2025-06-25eDelivery of Books Act Divisiong760.00l0o362.11 HEBpEN-129082r2025-06-25 00:00:00t1v760.00w2025-06-25yEN